Equipes du Tour de France 2025 - Statistiques

Statistiques générales
  • Ce quiz a été pris 458 fois
  • Le résultat moyen est 17 sur 23
Statistiques - réponses
Hint Réponse % Correct
WorldTeam UAE Team Emirates XRG
98%
WorldTeam Team Visma‑Lease a Bike
97%
WorldTeam Groupama‑FDJ
88%
WorldTeam Soudal Quick‑Step
84%
WorldTeam Decathlon AG2R La Mondiale
82%
WorldTeam Alpecin-Deceuninck
78%
WorldTeam Arkéa‑B&B Hotels
78%
WorldTeam Cofidis
78%
WorldTeam Ineos Grenadiers
78%
ProTeam Tudor Pro Cycling Team
77%
ProTeam TotalEnergies
75%
WorldTeam XDS Astana Team
70%
WorldTeam Intermarché‑Wanty
69%
WorldTeam Lidl‑Trek
67%
ProTeam Uno‑X Mobility
67%
ProTeam Israel‑Premier Tech
66%
WorldTeam Lotto
66%
WorldTeam Red Bull‑Bora‑Hansgrohe
66%
WorldTeam Movistar Team
61%
WorldTeam Team Jayco AlUla
61%
WorldTeam Bahrain Victorious
58%
WorldTeam EF Education‑EasyPost
58%
WorldTeam Team Picnic PostNL
51%
Aucun quiz correspondant
Distribution des résultats
% des personnes avec chaque résultat
Percentile par nombre de réponses
Votre historique - résultats
Vous n’avez pas pris ce quiz